Statistics for Antwerpen, Anvers: Gemeenten, Communes

Click here to take the quiz!

General Stats

  • This quiz has been taken 1,349 times
  • The average score is 43 of 70

Answers on the Map

Answers color-coded by a green-red scale on the quiz's map according to % correct below.
 

Answer Stats

Antwoorden / Solutions% Correct
Antwerpen / Anvers
100%
Mechelen / Malines
93%
Turnhout
86%
Geel
84%
Mol
83%
Lier / Lierre
80%
Hoogstraten
78%
Baarle-Hertog / Baerle-Duc
75%
Herentals
75%
Zwijndrecht
75%
Boom
74%
Brasschaat
74%
Essen
73%
Kalmthout / Calmpthout
72%
Heist-op-den-Berg
70%
Kapellen
70%
Puurs / Puers
70%
Aartselaar
68%
Kontich
68%
Oud-Turnhout / Vieux-Turnhout
68%
Schoten
68%
Sint-Katelijne-Waver / Wavre-Sainte-Catherine
65%
Mortsel
64%
Wijnegem
64%
Duffel
63%
Westerlo
63%
Willebroek / Willebrouck
63%
Brecht
62%
Lint
61%
Schilde
61%
Wommelgem
61%
Bornem
59%
Retie / Rethy
59%
Stabroek
59%
Arendonk
58%
Kasterlee
58%
Lille
58%
Niel
58%
Nijlen
58%
Olen
58%
Balen
57%
Boechout
57%
Hove
57%
Malle
57%
Ranst
57%
Vorselaar
57%
Vosselaar
57%
Wuustwezel / Westwesel
57%
Zoersel
57%
Ravels
56%
Rumst
56%
Hemiksem
55%
Schelle
55%
Edegem
54%
Sint-Amands
54%
Beerse
53%
Berlaar
53%
Putte
53%
Bonheiden
52%
Borsbeek
52%
Dessel
52%
Grobbendonk
52%
Zandhoven
51%
Merksplas
49%
Rijkevorsel
49%
Herenthout
48%
Laakdal
48%
Meerhout
46%
Hulshout
43%
Herselt
42%

Score Distribution

Percentile by Number Answered

Percent of People with Each Score

Your Score History

You have not taken this quiz